Open Data Biblioteca Nacional de Portugal


República Portuguesa: Ministério da Cultura
Biblioteca Nacional de Portugal

Catálogo da BNP: acesso por Identificadores Unívocos
Registos Bibliográficos associados ao registo de autoridade

Etiqueta de registo: 00000nam 2200025 450
001 2118677
003 http://id.bnportugal.gov.pt/bib/catbnp/2118677
021 ## $aPT$b501145/22
100 ## $a20221216d2022 m d0pory01030103ba
101 0# $apor
102 ## $aPT
105 ## $aa z 000yy
106 ## $ar
200 1# $aDo que vejo - Aurélia de Souza$ftextos Cláudia Almeida, Filipa Lowndes Vicente$ginvestigação José Varela, Susana Ribeiro$gfot. António Venda Lopes... [et al.]
210 #9 $aMatosinhos$cCâmara Municipal de Matosinhos,$d2022
215 ## $a71, [1] p.$cil.$d22 cm
675 ## $a069.5(469.121)$vBN$zpor$31088582
675 ## $a74/75(=1:469)"18/19"(083.82)$vBN$zpor$31402998
675 ## $a74/75Souza, Aurélia de(083.82)$vBN$zpor$31867199
702 #1 $aSousa,$bAurélia de,$f1866-1922$4040$346617
702 #1 $95$aAlmeida,$fCláudia$4070$31870440
702 #1 $aVicente,$bFilipa Lowndes,$f1972-$4070$31158877
702 #1 $aVarela,$bJosé Manuel,$f1965-$4695$3827808
702 #1 $aAlfaro,$bCatarina,$f1973-$4695$31402020
702 #1 $aLopes,$bAntónio Venda$4600$31380059
801 #0 $aPT$bBN$gRPC
856 41 $uhttp://rnod.bnportugal.gov.pt/ImagesBN/winlibimg.aspx?skey=&doc=2118677&img=172517&save=true
900 ## $aBIBNAC$d20230124
966 ## $lBN$mFGMON$sP. 61636 V.$x1
966 ## $lBN$mFGMON$sP. 61636 V.-D$x1
971 ## $ccsilva$d20221129
972 ## $e2$z0$d20230124$vasantos
973 ## $cmlsousa$d20221220

Etiqueta de registo: 00254nam 2200025 450
001 2194984
003 http://id.bnportugal.gov.pt/bib/catbnp/2194984
021 ## $aPT$b532340/24
100 ## $a20241105d2024 m d0pory01030103ba
101 0# $apor
102 ## $aPT
105 ## $aa z 000yy
106 ## $ar
200 1# $aMatosinhos$e o fogo dos bonecos$fJoel Cleto$gcoord. Clarisse Castro, Tânia Teixeira, Maria José Mesquita$gcolab. Cláudia Almeida, Cristina Pacheco$gfot. Francisco Teixeira, Guilhermina Morais, Arquivo Fotográfico Municipal
210 #9 $aMatosinhos$cCâmara Municipal de Matosinhos,$d2024
215 ## $a103, [1] p.$cil.$d25 cm
675 ## $a394.6(469.121)"18/20"$vBN$zpor$31936341
675 ## $a662.1(469.121)"18/20"$vBN$zpor$31936342
700 #1 $aCleto,$bJoel,$f1965-$3138579
702 #1 $93$aTeixeira,$bTânia$4340$31669502
702 #1 $95$aAlmeida,$fCláudia$4205$31870440
702 #1 $aTeixeira,$bFrancisco$4600$3144606
702 #1 $aMorais,$bGuilhermina$4600$31934508
702 #1 $aPacheco,$bCristina, $f1973-$4205$3950716
702 #1 $aMesquita,$bMaria José$4340$31869385
702 #1 $aCastro,$bClarisse$4340$31290129
801 #0 $aPT$bBN$gRPC
856 41 $uhttp://rnod.bnportugal.gov.pt/ImagesBN/winlibimg.aspx?skey=&doc=2194984&img=201095&save=true
900 ## $aBIBNAC$d20241128
966 ## $lBN$mFGMON$sS.C. 165459 V.$x1
966 ## $lBN$mFGMON$sS.C. 165459 V.-D$x1
971 ## $cjbeatriz$d20241105
972 ## $d20241128$e0$vlrevez$z0
973 ## $canasil$d20241121
975 ## $e0$d20241129$viraminhos

Etiqueta de registo: 00254nam 2200025 450
001 2281088
003 http://id.bnportugal.gov.pt/bib/catbnp/2281088
010 ## $a978-989-9245-10-5
021 ## $aPT$b557241/25
100 ## $a20260317d2025 m y0pory01030103ba
101 0# $apor
102 ## $aPT
105 ## $aa b 000yy
106 ## $ar
200 1# $aAgostinho Salgado - onde a luz demora$epintura, ofício e memória$fcoord. Clarisse Castro, Tânia Teixeira, Cláudia Almeida$gfot. Filipe Braga, António Venda Lopes
210 #9 $a[S.l.]$cMuseu Quinta de Santiago,$d2025
215 ## $a69, [3] p.$cil.$d24 cm
675 ## $a75Salgado, Agostinho(083.82)$vBN$zpor$31991958
675 ## $a75(=1:469)"19"(083.82)$vBN$zpor$31247875
675 ## $a74/75Salgado, Agostinho(042)$vBN$zpor$31991960
702 #1 $aSalgado,$bAgostinho,$f1905-1967$4040$3156786
702 #1 $aCastro,$bClarisse$4340$31290129
702 #1 $93$aTeixeira,$bTânia$4340$31669502
702 #1 $95$aAlmeida,$fCláudia$4340$31870440
702 #1 $aBraga,$bFilipe$4600$3984696
702 #1 $aLopes,$bAntónio Venda$4600$31380059
801 #0 $aPT$bBN$gRPC
856 41 $uhttp://rnod.bnportugal.gov.pt/ImagesBN/winlibimg.aspx?skey=&doc=2281088&img=220457&save=true
900 ## $aBIBNAC$d20260330
966 ## $lBN$mFGMON$sB.A. 53360 V.$x1
966 ## $lBN$mFGMON$sB.A. 53360 V.-D$x1
971 ## $cabrito$d20260317
972 ## $e0$z0$d20260330$vasantos
973 ## $ctrodrigues$d20260317

OpendataBNP@bnportugal.pt | Mais informação sobre acesso aos dados BNP